Meistverkaufte/-verbreitete Bücher der Welt - Statistiken

Allgemein
  • Dieses Quiz wurde 734 mal gespielt
  • Das Durchschnittsergebnis liegt bei 5 aus 20
Antwortstatistiken
Auflagenstärke Autor(en) Buch % Korrekt
Auflagenstärke: 5 Mrd. ca. 40 Autoren Die Bibel
94%
Auflagenstärke: 120 Mio. Joanne K. Rowling Harry Potter und derStein der Weisen
91%
Auflagenstärke: 150 Mio. John R. R. Tolkien Der Herr der Ringe
82%
Auflagenstärke: 800 Mio. Mohammed Der Koran
77%
Auflagenstärke: 100 Mio. John R. R. Tolkien Der Hobbit oder Hin und zurück
63%
Auflagenstärke: 200 Mio. Antoine de Saint-Exupéry Der kleine Prinz
46%
Auflagenstärke: 500 Mio. Miguel de Cervantes Don Quijote
17%
Auflagenstärke: 500 Mio. Karl Marx u. Friedrich Engels Manifest der kommunistischen Partei
8%
Auflagenstärke: 800 Mio. - 1 Mrd. Mao Tse-tung Worte des VorsitzendenMao Tse-tung
4%
Auflagenstärke: 120 Mio. Joseph Smith Buch Mormon
2%
Auflagenstärke: 100 Mio. Michail Bulgakow Der Meister und Margarita
2%
Auflagenstärke: 200 Mio. Charles Dickens Eine Geschichte aus zwei Städten
2%
Auflagenstärke: 400 Mio. Mao Tse-tung Gedichte des Vorsitzenden Mao
2%
Auflagenstärke: 150 Mio. Robert Baden-Powell Das Pfadfinderbuch
1%
Auflagenstärke: 100 Mio. Agatha Christie Und dann gabs keines mehr
1%
Auflagenstärke: 252 Mio. Mao Tse-tung Ausgewählte Werke
0%
Auflagenstärke: 100 Mio. Napoleon Hill Denke nach und werde reich
0%
Auflagenstärke: 100 Mio. Cao Xueqin Der Traum derRoten Kammer
0%
Auflagenstärke: 100 Mio. Jiang Zemin Über das Dreifache vertreten
0%
Auflagenstärke: 400 Mio. Wei Jiangong Xinhua Zidian
0%
Keine übereinstimmenden Quizze gefunden
Verteilung der Resultate
Anzahl Personen mit jedem Resultat
Perzentil nach korrekt beantworteten Fragen
Ihre Resultats-Entwicklung
Sie haben dieses Quiz noch nicht gespielt